000 00990nam a22002657a 4500
005 20240530110441.0
008 150420s2010 ua a g b 000 0dara d
017 _a2010/9167
_bمصر . دار الكتب المصرية
020 _a9772327759
040 _aEG-CaGPL
082 0 4 _221
_a658.8\
_bف ع
100 1 _aفيسك ، بيتر.
245 1 0 _aعبقرية معاملة العميل :
_bكيفية جعل العميل المحور الاساسى لمشروعك /
_cتاليف بيتر فيسك ؛ ترجمة احمد طاهر ، محمد حسن .
250 _aط1.
260 _aالقاهرة :
_bعالم الكتب ،
_c2010.
300 _a502 ص ؛
_c17 سم.
650 0 4 _aالتسويق
650 0 4 _aالعملاء
650 0 4 _aادارة المبيعات
650 0 4 _aالباعة وفن البيع
700 0 _aاحمد طاهر
_eمترجم
700 0 _aمحمد حسن
_eمترجم
942 _2ddc
_cBK
999 _c61050
_d61050